| 000 | 00563cam a2200193ua 4500 | ||
|---|---|---|---|
| 020 | _a0-07-099005-0 | ||
| 041 |
_aeng _h |
||
| 082 |
_a515.1 _bAYR/TH |
||
| 100 | _aAyres, Frank . | ||
| 245 |
_aTheory and problems of differential and integral calculus / _cFrank Ayres. _hTextual Documents |
||
| 250 |
_a2 / _b. |
||
| 260 |
_aSingapore : _bMcGraw-Hill International Book Company , _c1981. |
||
| 300 | _a346 ; . | ||
| 440 | 0 |
_aSchaum`s outline series, _v _x; |
|
| 490 | 0 |
_aSchaum`s outline series, _v _x; |
|
| 504 | _a | ||
| 942 | _cBK | ||
| 999 |
_c10151 _d10151 |
||